Le Cap-vert pour les touristes... - Facile - Statistiques

Statistiques générales
  • Ce quiz a été pris 39 fois
  • Le résultat moyen est 9 sur 20
Statistiques - réponses
Question Indice Réponses Indice facile % Correct
Quelles sont les langues officielles ? Portugais
97%
Quelles sont les langues officielles ? Créole C
91%
Quel pays a accordé son indépendance à celui-ci ? Portugal
66%
Quelles sont les principaux lieux touristiques ? F Ile de {Fogo} GOFO
63%
Ce pays est plus grand que la France (oui/non) Non
63%
Quelles sont les principaux lieux touristiques ? B ile de {Brava} VARBA
57%
Quelles sont les principaux lieux touristiques ? S Ile de {Santiago} AGONISAT
54%
Quels est le climat local ? T Tropical
54%
Dans la capitale quel est le décalage horaire avec Paris ? (+ ou - et chiffre) ex - 10 - 3
51%
Achats à faire 3/ Boisson chaude Café FACE
46%
La religion majoritaire est Christianisme C
46%
Code sur les plaques minéralogiques CV
40%
Le suffixe internet est cv
40%
Quel est le régime du pays ? République
37%
Achats à faire 5/ CD de Césaria Evora RECAVEAORAIS
34%
Achats à faire 4/ Pour se laver Savon VANSO
34%
Le principal aéroport est N Sal
17%
Achats à faire 2/ Grigris Amulettes MEULATEST
9%
Quelle est la monnaie ? Franc CFA F
9%
Achats à faire 1/ Petit coquillage Cauris SUCRAI
0%
Aucun quiz correspondant
Distribution des résultats
% des personnes avec chaque résultat
Percentile par nombre de réponses
Votre historique - résultats
Vous n’avez pas pris ce quiz